000 00513nam a22001577a 4500
003 NUST
038 _asaima
082 _a004
_bMCS
100 _aAltaf, Asifa
_935198
245 _aOntology Based Efficient Teamwork Strategies for Software Agents in Rescue and Relief Operations /
260 _aIslamabad :
_bMCS - NUST,
_c2014
300 _a89 p. ;
_c30cm.
650 _aComputer Software Engineering-Ontology Based Efficient Teamwork Strategies
_935199
700 _aDr. Sarmad Sadik
_935071
942 _2ddc
_cTHE
999 _c540914
_d540914